|
|
|
|
| LEADER |
01028cam a2200205 7i4500 |
| 001 |
0000001867 |
| 005 |
20110107090000.0 |
| 020 |
|
|
|a 9678908522 (pbk.)
|
| 090 |
0 |
0 |
|a KPG1022.5.P35
|b P35
|
| 110 |
1 |
|
|a Malaysia
|
| 240 |
1 |
0 |
|a Palm Oil Registration and Licensing Authority (Incorporation) Act 1976
|
| 245 |
1 |
0 |
|a Palm Oil Registration and Licensing Authority (Incorporation) Act 1976 (Act 179) & Regulations = Akta Lembaga Pendaftaran dan Perlesenan Minyak Kelapa Sawit (Pemerbadanan) 1976 (Akta 179) dan peraturan-peraturan
|c disusun oleh Lembaga Penyelidikan Undang-undang.
|
| 246 |
3 |
|
|a Akta Lembaga Pendaftaran dan Perlesenan Minyak Kelapa Sawit (Pemerbadanan) 1976 (Akta 179) dan peraturan-peraturan.
|
| 260 |
|
|
|a Kuala Lumpur:
|b International Law Book Services,
|c 1997-.
|
| 300 |
|
|
|a iii, 126 p.;
|c 24 cm.
|
| 490 |
0 |
|
|a Undang-undang Malaysia
|
| 500 |
|
|
|a Library has : Hingga 15hb Mei 1997
|
| 650 |
0 |
0 |
|a Law --
|z Malaysia
|
| 710 |
2 |
|
|a Lembaga Penyelidikan Undang-undang
|
| 999 |
|
|
|a 0000007986
|b BOK
|c ACTS
|e Ground Floor, Bestari Jaya
|